000 00599cam a2200193 a 4500
001 12262747
005 20240604041528.0
008 000911s1998 ce 000 0 eng
020 _a955905273X
040 _aDLC
_cDLC
_dDLC
082 0 0 _a345.5493/02532
_221
100 1 _aGoonesekere, Savitri.
245 1 0 _aWomen, sexual violence, and the legal process in Sri Lanka :
_ba study on rape /
_cSavitri W.E. Goonesekere, Camena Guneratne.
260 _aColombo :
_bCentre for Women's Research,
_c1998.
300 _avi, 289 p. :
650 0 _aRape
700 1 _aGuneratne, Camena.
_eedt
942 _cL
999 _c5876
_d5876